| 000 | 00653nam a2200193 a 4500 | ||
|---|---|---|---|
| 005 | 20210223120537.0 | ||
| 008 | 991125s1979 mx 000 0 spa u | ||
| 035 | _aUPN01000003200 | ||
| 049 | _aCG | ||
| 050 | 4 |
_aJA86 _bA5.7 |
|
| 245 | 0 | 0 |
_aAntología de textos de teoría política y de gobierno II / _ccomp. Alfonso Rubio y Rubio. |
| 260 |
_aMéxico : _bCEMPAE : _bITESM, _c1979. |
||
| 300 | _a940 p. | ||
| 500 | _a"Preparatoria abierta" | ||
| 650 | 4 |
_aCIENCIAS POLITICAS - _xESTUDIO Y ENSEÑANZA (MEDIA SUPERIOR) _910164 |
|
| 650 | 4 |
_aCIENCIAS POLITICAS - _vCOLECCIONES DE ESCRITOS _914931 |
|
| 700 | 1 |
_aRubio y Rubio, Alfonso, _ecomp. |
|
| 905 | _aLibro | ||
| 999 |
_c3200 _d3200 |
||